Flags of Every First Level Subdivision S-T - Statistics

General Stats
  • This quiz has been taken 16 times
  • The average score is 17 of 455
Answer Stats
Picture Hint Answer % Correct
Basque Country
75%
Catalonia
75%
Ceuta
67%
Somaliland
67%
Aragon
58%
Asturias
50%
Bern
50%
Castilla–La Mancha
50%
Castilla y León
50%
Madrid
50%
Valencia
50%
Andalusia
42%
Canarias
42%
Extremadura
42%
Galicia
42%
La Rioja
42%
Puntland
42%
Cantabria
33%
Illes Balears
33%
Murcia
33%
Navarre
33%
Aargau
25%
Appenzell Ausserrhoden
25%
Appenzell Innerrhoden
25%
Basel-Landschaft
25%
Basel-Stadt
25%
Belgrade
25%
Damascus
25%
Genève
25%
Jubaland
25%
Melilla
25%
Zürich
25%
Galmudug
17%
Jura
17%
Khaatumo
17%
Northern
17%
North Western
17%
Schaffhausen
17%
St. Gallen
17%
Taipei
17%
Uva
17%
Western
17%
Central
8%
Chiang Mai
8%
Dakar
8%
Diego Martin
8%
Eastern
8%
Freiburg
8%
Glarus
8%
Graubünden
8%
Krung Thep
8%
Ljubljana
8%
Luzern
8%
Mpumalanga
8%
Neuchâtel
8%
Nidwalden
8%
North Central
8%
Obwalden
8%
Port of Spain
8%
Sabaragamuwa
8%
San Fernando
8%
Schwyz
8%
Solothurn
8%
Southern
8%
South West
8%
Tainan
8%
Tessen
8%
Thurgau
8%
Uppsala
8%
Uri
8%
Vaud
8%
Wallis
8%
Western
8%
Zug
8%
Disputed Abyei
0%
Ajdovščina
0%
Al-Hasakah
0%
al Qadarif
0%
Amnat Charoen
0%
Ang Thong
0%
Ankaran
0%
Apače
0%
Arima
0%
Banaadir
0%
Banská Bystrica
0%
Beltinci
0%
Benedikt
0%
Bistrica ob Sotli
0%
Bled
0%
Blekinge
0%
Bloke
0%
Blue Nile
0%
Bohinj
0%
Borovnica
0%
Bovec
0%
Braslovče
0%
Bratislava
0%
Brda
0%
Brežice
0%
Brezovica
0%
Bueng Kan
0%
Buriram
0%
Cankova
0%
Capital Territory / Honiara
0%
Celje
0%
Central
0%
Central Darfur
0%
Central Equatoria
0%
Cerklje na Gorenjskem
0%
Cerknica
0%
Cerkno
0%
Cerkvenjak
0%
Chachoengsao
0%
Chaguanas
0%
Chai Nat
0%
Chaiyaphum
0%
Changhua
0%
Chanthaburi
0%
Chiang Rai
0%
Chiayi
0%
Chiayi
0%
Choiseul
0%
Chonburi
0%
Chumphon
0%
Cirkulane
0%
Commewijne
0%
Couva–Tabaquite–Talparo
0%
Črenšovci
0%
Črna na Koroškem
0%
Črnomelj
0%
Dalarna
0%
Destrnik
0%
Divača
0%
Dobje
0%
Dobrepolje
0%
Dobrna
0%
Dobrova-Polhov Gradec
0%
Dobrovnik
0%
Dolenjske Toplice
0%
Dol pri Ljubljani
0%
Domžale
0%
Dornava
0%
Dravograd
0%
Duplek
0%
Eastern Equatoria
0%
Gävleborg
0%
Gorenja vas-Poljane
0%
Gorišnica
0%
Gorje
0%
Gornja Radgona
0%
Gornji Grad
0%
Gornji Petrovci
0%
Gotland
0%
Grad
0%
Greater Pibor
0%
Grosuplje
0%
Guadalcanal
0%
Hajdina
0%
Halland
0%
Hirshabelle
0%
Hoče-Slivnica
0%
Hodoš
0%
Horjul
0%
Hrastnik
0%
Hrpelje-Kozina
0%
Hsinchu
0%
Hsinchu
0%
Hualien
0%
Idrija
0%
Ig
0%
Ilirska Bistrica
0%
Isabel
0%
Ivančna Gorica
0%
Izola
0%
Jämtland
0%
Jesenice
0%
Jezersko
0%
Jonglei
0%
Jönköping
0%
Juršinci
0%
Kalasin
0%
Kalmar
0%
Kamnik
0%
Kamphaeng Phet
0%
Kanal ob Soči
0%
Kanchanaburi
0%
Kaohsiung
0%
Kassala
0%
Keelung
0%
Khartoum
0%
Khon Kaen
0%
Kidričevo
0%
Kinmen
0%
Kobarid
0%
Kobilje
0%
Kočevje
0%
Komen
0%
Komenda
0%
Koper
0%
Košice
0%
Kostanjevica na Krki
0%
Kostel
0%
Kozje
0%
Krabi
0%
Kranj
0%
Kranjska Gora
0%
Križevci
0%
Kronoberg
0%
Krško
0%
Kungota
0%
Kuzma
0%
Lakes
0%
Lampang
0%
Lamphun
0%
Laško
0%
Lenart
0%
Lendava
0%
Lienchang
0%
Litija
0%
Ljubno
0%
Ljutomer
0%
Loei
0%
Logatec
0%
Log-Dragomer
0%
Lop Buri
0%
Loška dolina
0%
Loški Potok
0%
Lovrenc na Pohorju
0%
Luče
0%
Lukovica
0%
Mae Hong Son
0%
Maha Sarakham
0%
Majšperk
0%
Makira-Ulawa
0%
Makole
0%
Malaita
0%
Maribor
0%
Markovci
0%
Mayaro–Rio Claro
0%
Medvode
0%
Mengeš
0%
Metlika
0%
Mežica
0%
Miaoli
0%
Miklavž na Dravskem polju
0%
Miren-Kostanjevica
0%
Mirna
0%
Mirna Peč
0%
Mislinja
0%
Mokronog-Trebelno
0%
Moravče
0%
Moravske Toplice
0%
Mozirje
0%
Mukdahan
0%
Murska Sobota
0%
Muta
0%
Nakhon Nayok
0%
Nakhon Pathom
0%
Nakhon Phanom
0%
Nakhon Ratchasima
0%
Nakhon Sawan
0%
Nakhon Si Thammarat
0%
Naklo
0%
Nan
0%
Nantou
0%
Narathiwat
0%
Nazarje
0%
New Taipei
0%
Nickerie
0%
Nitra
0%
Nong Bua Lamphu
0%
Nong Khai
0%
Nonthaburi
0%
Norrbotten
0%
North Darfur
0%
Northern Bahr el Ghazal
0%
Nova Gorica
0%
Novo Mesto
0%
Odranci
0%
Oplotnica
0%
Örebro
0%
Ormož
0%
Osilnica
0%
Östergötland
0%
Para
0%
Pathum Thani
0%
Pattani
0%
Penal-Debe
0%
Pengshu
0%
Pesnica
0%
Phang Nga
0%
Phatthalung
0%
Phayao
0%
Phetchabun
0%
Phetchaburi
0%
Phichit
0%
Phitsanulok
0%
Phrae
0%
Phra Nakhon Si Ayutthaya
0%
Phuket
0%
Pingtung
0%
Piran
0%
Pivka
0%
Podčetrtek
0%
Podlehnik
0%
Podvelka
0%
Point Fortin
0%
Poljčane
0%
Polzela
0%
Postojna
0%
Prachinburi
0%
Prachuap Khiri Khan
0%
Prebold
0%
Preddvor
0%
Prešov
0%
Prevalje
0%
Princes Town
0%
Ptuj
0%
Puconci
0%
Rače-Fram
0%
Radeče
0%
Radenci
0%
Radlje ob Dravi
0%
Radovljica
0%
Ranong
0%
Ratchaburi
0%
Ravne na Koroškem
0%
Rayong
0%
Razkrižje
0%
Rečica ob Savinji
0%
Renče-Vogrsko
0%
Rennell and Bellona
0%
Ribnica
0%
Ribnica na Pohorju
0%
Rogaška Slatina
0%
Rogašovci
0%
Rogatec
0%
Roi Et
0%
Ruše
0%
Ruweng
0%
Sa Kaeo
0%
Sakon Nakhon
0%
Samut Prakan
0%
Samut Sakhon
0%
Samut Songkhram
0%
Sangre Grande
0%
San Juan / Laventille
0%
Saraburi
0%
Satun
0%
Selnica ob Dravi
0%
Semič
0%
Šempeter-Vrtojba
0%
Šenčur
0%
Šentilj
0%
Šentjernej
0%
Šentjur
0%
Šentrupert
0%
Sevnica
0%
Sežana
0%
Sing Buri
0%
Siparia
0%
Sisaket
0%
Skåne
0%
Škocjan
0%
Škofja Loka
0%
Škofljica
0%
Slovenj Gradec
0%
Slovenska Bistrica
0%
Slovenske Konjice
0%
Šmarje pri Jelšah
0%
Šmarješke Toplice
0%
Šmartno ob Paki
0%
Šmartno pri Litiji
0%
Södermanland
0%
Sodražica
0%
Solčava
0%
Songkhla
0%
Šoštanj
0%
South Darfur
0%
Središče ob Dravi
0%
Starše
0%
Stockholm
0%
Štore
0%
Straža
0%
Sukhothai
0%
Suphan Buri
0%
Surat Thani
0%
Surin
0%
Sveta Ana
0%
Sveta Trojica v Slovenskih goricah
0%
Sveti Andraž v Slovenskih goricah
0%
Sveti Jurij ob Ščavnici
0%
Sveti Jurij v Slovenskih goricah
0%
Sveti Tomaž
0%
Tabor
0%
Taichung
0%
Taitung
0%
Tak
0%
Taoyuan
0%
Temotu
0%
Tišina
0%
Tolmin
0%
Trang
0%
Trat
0%
Trbovlje
0%
Trebnje
0%
Trenčín
0%
Trnava
0%
Trnovska vas
0%
Tržič
0%
Trzin
0%
Tunapuna / Piarco
0%
Turnišče
0%
Ubon Ratchathani
0%
Udon Thani
0%
Unity
0%
Upper Nile
0%
Uthai Thani
0%
Uttaradit
0%
Värmland
0%
Västerbotten
0%
Västernorrland
0%
Västmanland
0%
Västra Götaland
0%
Velenje
0%
Velika Polana
0%
Velike Lašče
0%
Veržej
0%
Videm
0%
Vipava
0%
Vitanje
0%
Vodice
0%
Vojnik
0%
Vransko
0%
Vrhnika
0%
Vuzenica
0%
Wanica
0%
Warrap
0%
West Darfur
0%
Western Bahr el Ghazal
0%
Western Equatoria
0%
Yala
0%
Yasothon
0%
Yilan
0%
Yunlin
0%
Zagorje ob Savi
0%
Žalec
0%
Zavrč
0%
Železniki
0%
Žetale
0%
Žilina
0%
Žiri
0%
Žirovnica
0%
Zreče
0%
Žužemberk
0%
No matching quizzes found
Score Distribution
Percent of People with Each Score
Percentile by Number Answered
Your Score History
You have not taken this quiz